| 000 | 00590cam a2200193 a 4500 | ||
|---|---|---|---|
| 001 | 000002550 | ||
| 005 | 20200929150218.0 | ||
| 008 | 720601s1963 nyuac 000 0 eng d | ||
| 040 |
_aDO-SdBNP _bspa _cBNPHu |
||
| 041 | 1 | 7 |
_aspa _beng |
| 082 |
_axx _bH798w |
||
| 100 | 1 |
_aHopper, Hedda, _d1890-1966. _98019 |
|
| 245 | 1 | 4 |
_aThe whole truth and nothing but / _cHedda Hopper and James Brough. |
| 260 |
_aGarden City, New York : _bDoubleday, _c1963. |
||
| 300 |
_a331 p. : _bilus. ; _c22 cm. |
||
| 650 | 0 |
_aMotion pictures. _98020 |
|
| 650 | 0 |
_aActors. _98021 |
|
| 700 | 1 |
_aBrough, James, _d1918- _98022 |
|
| 999 |
_c2386 _d2386 |
||